000 00884cam a22002174a 4500
005 20250605164318.0
008 250528s ||||||||||||||||||||||||d
035 _a22790
020 _a9780631222880
040 _aGR-AtMCL
_bgre
_dGR-AtMCL
_eAACR2
245 1 _aINTERNATIONAL MACROECONOMICS AND FINANCE
250 _a1
260 _bBlackwell Publishers,
_c2001
300 _a283
505 0 _aSOME INSTITUNIONAL BACKGROUND SOME USEFUL TIME-SERIES METHODS THE MONETARY MODEL THE LUCAS MODEL INTERNATIONAL REAL BUSINESS CYCLES FOREIGN EXCHANGE MARKET EFFICIENCY THE REAL EXCHANGE RATE
520 _aSOME INSTITUNIONAL BACKGROUND SOME USEFUL TIME-SERIES METHODS THE MONETARY MODEL THE LUCAS MODEL INTERNATIONAL REAL BUSINESS CYCLES FOREIGN EXCHANGE MARKET EFFICIENCY THE REAL EXCHANGE RATE
700 1 _aMark Nelson C
_98472
942 _cBK
999 _c7835
_d7835